Nhãn khoa ( giáo trình giảng dạy đại học)
Những kiến thức cơ bản về các bệnh mắt thông thường để làm cơ sở cho việc chẩn đoán, xử trí ở các tuyến điều trị sau nay.
Zapisane w:
| 1. autor: | |
|---|---|
| Kolejni autorzy: | |
| Format: | Książka |
| Język: | Vietnamese |
| Wydane: |
H.
Quân đội nhân dân
2007
|
| Hasła przedmiotowe: | |
| Etykiety: |
Dodaj etykietę
Nie ma etykietki, Dołącz pierwszą etykiete!
|
| Thư viện lưu trữ: | Thư viện Trường Đại học Nam Cần Thơ |
|---|
| LEADER | 01771nam a22002657a 4500 | ||
|---|---|---|---|
| 001 | NCT_62783 | ||
| 008 | 190409b xxu||||| |||| 00| 0 vie d | ||
| 999 | |c 3038 |d 3038 | ||
| 020 | |c 115000 | ||
| 082 | 0 | 4 | |2 23rd ed. |a 617.7 |b Đ104 |
| 100 | 1 | |a Nguyễn Văn Đàm |e Chủ biên | |
| 245 | 1 | 0 | |a Nhãn khoa |b ( giáo trình giảng dạy đại học) |c Nguyễn Văn Đàm (chủ biên) ; Nguyễn Quốc Anh (biên soạn) |
| 260 | |a H. |b Quân đội nhân dân |c 2007 | ||
| 300 | |a 199 tr. |b Bảng, hình vẽ |c 27cm | ||
| 500 | |a ĐTTS ghi: Học viện Quân y | ||
| 520 | 3 | |a Những kiến thức cơ bản về các bệnh mắt thông thường để làm cơ sở cho việc chẩn đoán, xử trí ở các tuyến điều trị sau nay. | |
| 653 | |a Y Đa khoa | ||
| 700 | 1 | |a Nguyễn Quốc Anh |e Biên soạn | |
| 942 | |2 ddc |c BK | ||
| 952 | |0 0 |1 0 |2 ddc |4 0 |6 617_700000000000000_Đ104 |7 0 |9 16490 |a 000001 |b 000001 |d 2019-04-09 |o 617.7 Đ104 |p MD.15159 |r 2019-04-09 |v 115000.00 |w 2019-04-09 |y BK | ||
| 952 | |0 0 |1 0 |2 ddc |4 0 |6 617_700000000000000_Đ104 |7 0 |9 16491 |a 000001 |b 000001 |d 2019-04-09 |o 617.7 Đ104 |p MD.15160 |r 2019-04-09 |v 115000.00 |w 2019-04-09 |y BK | ||
| 952 | |0 0 |1 0 |2 ddc |4 0 |6 617_700000000000000_Đ104 |7 0 |9 16492 |a 000001 |b 000001 |d 2019-04-09 |o 617.7 Đ104 |p MD.15161 |r 2019-04-09 |v 115000.00 |w 2019-04-09 |y BK | ||
| 952 | |0 0 |1 0 |2 ddc |4 0 |6 617_700000000000000_Đ104 |7 0 |9 16493 |a 000001 |b 000001 |d 2019-04-09 |l 1 |o 617.7 Đ104 |p MD.15162 |r 2019-10-26 |s 2019-10-22 |v 115000.00 |w 2019-04-09 |y BK | ||
| 952 | |0 0 |1 0 |2 ddc |4 0 |6 617_700000000000000_Đ104 |7 0 |9 16494 |a 000001 |b 000001 |d 2019-04-09 |l 1 |o 617.7 Đ104 |p MD.15163 |r 2019-05-25 |s 2019-05-17 |v 115000.00 |w 2019-04-09 |y BK | ||
| 980 | |a Thư viện Trường Đại học Nam Cần Thơ | ||